01245nam a2200217 a 4500008004100000020001500041041000800056092001900064100002400083245004000107250004000147260003500187300001100222500007800233505037900311590005800690655002000748942001300768999001500781952023100796161215t2003 ag |||g |||| 00| 1 spa d a9504909760 aspa c808.8l13sCOE1 aCoelho, Paulo92923 3aLa quinta montaña /cPaulo Coelho a2a ed.bTraducción Monserrat Mira aBuenos Aires:bPlaneta;c2003. a256 p. aCohelo, P. (2003). La quinta montaña. (2a ed.). Buenos Aires : Planeta. aEn un mundo regido por supersticiones, conflictos religiosos y tradiciones profundamente arraigadas, el joven profeta Elías deberá enfrentarse a una avalancha de acontecimientos que le conducirán a un definitivo cara a cara con Dios. Paulo Coelho, el escritor brasileño más vendido de nuestros días, nos sorprende con una novela tan fascinante como inolvidable.  aProyecto 4to libro. Donación Constanzo, Juan Carlos aNarrativa92924 2ddccLIT c2413d2413 00102ddc4070aBFMbBFMcCRd2017-05-29eDonación Constanzo, Juan Carlos. Mayo 2017l9m1o808.8 13 COEp3867r2024-04-11s2024-03-20tEj.1w2017-05-29yLITzProyecto 4to Libro. Donación Constanzo, Juan Carlos. Mayo 2017